000 01076nam0a22002891 4500
001 rc\4165122
005 20250611114738.0
021 _aRU
_b[47-27134]
035 _a(NLR Aleph) 008179142
090 _a7903974
_c7903974
100 _a20130415d1947 |||y0rusy50 ca
101 0 _arus
102 _aRU
105 _aa z |||||
200 1 _aОрганизация и планирование работы пункта Заготзерно
_fПод ред. П.В. Арзамасцева
210 _aМосква
_cИзд-во и тип. Заготиздата
_d1947
215 _a243 с.
_cчерт.
_d21
300 _aПеред загл. авт.: З.Т. Чухарько
320 _aБиблиогр.: с. 239
606 _aЗаготовительные организации
_xОрганизация работы
_2psbo
700 1 _aЧухарько
_bЗ.Т.
_gЗотик Тихонович
702 1 _aАрзамасцева
_bП.В.
_4340
801 0 _aRU
_bNLR
_gpsbo
801 1 _aRU
_bELAR
_2rusmarc
852 _aNLR
_jЭк50 Г-3/71
942 _cBOOK
980 _aNB